[Event "Tata Steel-A playoff 80th"]
[Site "Wijk aan Zee"]
[Date "2018.01.28"]
[Round "14"]
[White "Carlsen, Magnus"]
[Black "Giri, Anish"]
[Result "1-0"]
[WhiteElo "2834"]
[BlackElo "2752"]
[Annotator "Fernandez,D"]
[PlyCount "109"]
[EventDate "2018.01.29"]
[EventType "match (rapid)"]
[EventCountry "NED"]
[SourceTitle "CBM 183"]
[Source "ChessBase"]
[SourceDate "2018.03.14"]
[SourceVersion "1"]
[SourceVersionDate "2018.03.14"]
[SourceQuality "1"]

1. Nf3 {[%emt 0:00:00]} Nf6 {[%emt 0:00:00]} 2. c4 {[%emt 0:00:00]} e6 {
[%emt 0:00:01]} 3. b3 {[%emt 0:00:09]} d5 {[%emt 0:00:01]} 4. Bb2 {[%emt 0:00:
03]} Be7 {[%emt 0:00:02]} 5. e3 {[%emt 0:00:03] Sparing me another annotation
of a b3 Catalan.} O-O {[%emt 0:00:16]} 6. Nc3 {[%emt 0:00:03]} c5 {[%emt 0:00:
03]} (6... b6 $1 $11 {would have been more in keeping with the logic of
Anish's main game today- avoiding potentially awkward hanging-pawns formations.
}) 7. cxd5 {[%emt 0:00:07] Just as theorised in the notes to the main game,
this is the way White should play. Obviously d4 is fine immediately, but why
not make Black play with a central structure he doesn't like?} Nxd5 {[%emt 0:
00:01]} 8. Nxd5 {[%emt 0:00:09]} exd5 {[%emt 0:00:03]} (8... Qxd5 9. Bc4 Qd6
10. O-O Nc6 $11 {still looks fine for Black, if a bit passive.}) 9. d4 {
[%emt 0:00:04]} Qa5+ {[%emt 0:00:10] Technically the novelty.} (9... Nc6 10.
dxc5 Bxc5 11. a3 Bg4 12. Be2 a5 13. O-O Qd6 14. Qd3 Bh5 15. Rfd1 Rfd8 16. Nh4
Bxe2 17. Qxe2 Qe6 18. Nf3 $14 {Votava,J-Froewis,G Austria 2016}) 10. Qd2 {
[%emt 0:00:03]} Qxd2+ {[%emt 0:00:03]} 11. Kxd2 {[%emt 0:00:04]} Nc6 {[%emt 0:
00:00]} 12. dxc5 {[%emt 0:00:12]} Bxc5 {[%emt 0:00:02]} 13. Bb5 {[%emt 0:00:02]
So the position is still fine for Black, but White is taking no risks, and can
choose to play against the IQP 'as is' or maybe with some kind of Bxc6, Rfc1,
Bd4-c5 thing. Ideal for blitz.} Bb4+ {[%emt 0:00:15]} 14. Ke2 {[%emt 0:00:02]}
Be6 {[%emt 0:00:12]} (14... Ne7 $14 {might not have been a terrible idea under
the circumstances.}) 15. Rac1 {[%emt 0:00:10]} Rac8 {[%emt 0:00:01]} 16. Rhd1 {
[%emt 0:00:12]} (16. Bxc6 bxc6 17. Ne5 {was a useful tactical chance: Black
can either sacrifice the pawn or allow} c5 18. Nd3 {but in either case he is
definitely suffering.}) 16... Be7 {[%emt 0:00:20]} 17. h3 {[%emt 0:00:16]} a6 {
[%emt 0:00:06]} 18. Bd3 {[%emt 0:00:01]} Nb4 {[%emt 0:00:01]} 19. Bb1 {[%emt 0:
00:02]} Rxc1 {[%emt 0:00:03]} 20. Rxc1 {[%emt 0:00:02]} Rc8 {[%emt 0:00:01]}
21. Rd1 {[%emt 0:00:13]} Nc6 {[%emt 0:00:02]} 22. g4 {[%emt 0:00:07] Thinking
about Bf5, and also restricting Black's kingside pawns, allowing for a future
f4-f5 thrust.} h6 {[%emt 0:00:07]} 23. Nd4 {[%emt 0:00:02]} Nxd4+ {[%emt 0:00:
06]} 24. Bxd4 {[%emt 0:00:01]} Ba3 {[%emt 0:00:10]} 25. f4 {[%emt 0:00:21]
Like that.} f6 {[%emt 0:00:09]} 26. Bg6 {[%emt 0:00:07]} (26. e4 dxe4 27. Bxe4
$14 {looked quite convincing, even though it liquidates the most immediate
target of White's pressure.}) 26... Kf8 {[%emt 0:00:05]} 27. Kf3 {[%emt 0:00:
02]} Ke7 {[%emt 0:00:09]} 28. h4 {[%emt 0:00:06]} (28. b4 $5 {was worth
noticing, but after} Bxb4 29. Rb1 a5 30. a3 Bd6 31. Rxb7+ Rc7 32. Rb8 Rc8 33.
Rb5 a4 $11 {it all just fizzles out a bit.}) 28... Bb4 {[%emt 0:00:16]} 29. Bd3
{[%emt 0:00:21]} Bd7 {[%emt 0:00:21]} 30. e4 {[%emt 0:00:37] Eventually White
had to make this break, though he has spent enough time in the process that
Black is probably objectively fine again.} Bc3 $6 {[%emt 0:00:26]} (30... dxe4+
31. Bxe4 Bc6 32. h5 Bxe4+ 33. Kxe4 Ke6 $1 $11 (33... Rc2 $2 34. Kf5 $36)) 31.
Bf2 {[%emt 0:00:12]} Bc6 {[%emt 0:00:07]} 32. exd5 {[%emt 0:00:01]} Bxd5+ {
[%emt 0:00:01]} 33. Be4 {[%emt 0:00:02]} Bxe4+ {[%emt 0:00:04]} 34. Kxe4 {
[%emt 0:00:01]} Ke6 $6 {[%emt 0:00:11] Just like the previous note, except
Black's pieces are now out of sync.} (34... Bb4 35. Be3 (35. Kf5 Rc2 36. Bd4
Kf7 $1 $11) 35... Ke6 36. a4 $14 {Black has not completely equalised here, but
it's better than the game.}) 35. f5+ {[%emt 0:00:11]} Ke7 {[%emt 0:00:01]} 36.
Rc1 {[%emt 0:00:02] Forcing a favourable bishop endgame.} Rc6 $2 {[%emt 0:00:
21] Definitely losing and almost certainly the decisive mistake.} (36... Kd7
37. Kd3 Bb4 38. Rxc8 Kxc8 39. Kc4 Bd6 40. Kd5 Kd7 41. a4 $16 {might also be
winning, or it might not - but White can play with various ideas, like Bd4 and
then g5, or Bc5 at the right moment. I suspect Black has just enough answers.})
37. Kd3 {[%emt 0:00:07]} Bb4 {[%emt 0:00:21]} 38. Rxc6 {[%emt 0:00:02]} bxc6 {
[%emt 0:00:01]} 39. Kc4 {[%emt 0:00:01]} Bd6 {[%emt 0:00:03]} 40. Bc5 {[%emt 0:
00:45]} Kd7 {[%emt 0:00:00]} 41. h5 {[%emt 0:00:16]} Bf4 {[%emt 0:00:05]} (
41... Kc7 42. Bxd6+ Kxd6 43. b4 $18) 42. Bf8 {[%emt 0:00:02]} Ke8 {[%emt 0:00:
04] The last idea is to try and trap this bishop, but White can just go back
and pick a better time for the incursion.} 43. Bc5 {[%emt 0:00:12]} Kd7 {
[%emt 0:00:03]} (43... Bc7 {was another place to try and defend from.} 44. Kb4
Bd8 (44... a5+ 45. Ka4 Bd8 46. b4 axb4 47. Kxb4 Bc7 48. a4 $18) 45. Bd6 Bb6 46.
a4 {However, it is now zugwang. Black has to play ...a5, and then the game is
almost over.} a5+ 47. Kc4 Be3 48. b4 axb4 49. Kxb4 {White can walk the pawn to
a6 and then play Bc5.}) 44. Kb4 {[%emt 0:00:09]} Bd2+ {[%emt 0:00:09]} 45. Ka4
{[%emt 0:00:01]} Kc7 {[%emt 0:00:12]} 46. b4 {[%emt 0:00:07] The black king is
now caught trying to do two jobs at the same time.} Bf4 {[%emt 0:00:43]} 47.
Bf8 {[%emt 0:00:05]} Kb6 {[%emt 0:00:07]} ({of course, after} 47... Kd7 48. Ka5
Ke8 {White is not obliged to take on g7, but can conserve his bishop with} 49.
Bc5 $18) 48. Bxg7 {[%emt 0:00:02]} Bg5 {[%emt 0:00:01]} 49. Bf8 {[%emt 0:00:02]
} Bf4 {[%emt 0:00:04]} 50. Be7 {[%emt 0:00:04]} Bg5 {[%emt 0:00:07]} 51. Kb3 {
[%emt 0:00:08] Heading back to win with Be3.} (51. Bd8+ Kb7 52. Ka5 Bh4 53. Be7
Bg5 54. Bc5 Bf4 55. Bd4 Bg5 56. a3 $18 {is another zugzwang idea to win.})
51... Kc7 {[%emt 0:00:04]} 52. Kc4 {[%emt 0:00:02]} Kd7 {[%emt 0:00:08]} 53.
Bc5 {[%emt 0:00:01]} Kc7 {[%emt 0:00:03]} 54. Kd3 {[%emt 0:00:11]} Kd7 {
[%emt 0:00:19]} 55. Be3 {[%emt 0:00:02]} 1-0

[Event "Tata Steel-A playoff 80th"]
[Site "Wijk aan Zee"]
[Date "2018.01.28"]
[Round "15"]
[White "Giri, Anish"]
[Black "Carlsen, Magnus"]
[Result "1/2-1/2"]
[WhiteElo "2752"]
[BlackElo "2834"]
[PlyCount "75"]
[EventDate "2018.01.29"]
[EventType "match (rapid)"]
[EventCountry "NED"]
[SourceTitle "CBM 183"]
[Source "ChessBase"]
[SourceDate "2018.03.14"]
[SourceVersion "1"]
[SourceVersionDate "2018.03.14"]
[SourceQuality "1"]
[TimeControl "300+3"]

1. e4 {[%emt 0:00:00]} e5 {[%emt 0:00:05] Carlsen had white in the first game,
and went for a quick queen trade. He maintained a tiny advantage until
liquidating into a winning bishop endgame. "A very clean technical win," noted
live commentator GM Eric Hansen. That meant that Giri was forced to strike
back in his white game} 2. Nf3 {[%emt 0:00:00]} Nc6 {[%emt 0:00:01]} 3. Bc4 {
[%emt 0:00:01]} Bc5 {[%emt 0:00:04]} 4. c3 {[%emt 0:00:01]} Nf6 {[%emt 0:00:02]
} 5. d3 {[%emt 0:00:01]} d6 {[%emt 0:00:03]} 6. O-O {[%emt 0:00:04]} a6 {
[%emt 0:00:02]} 7. Re1 {[%emt 0:00:14]} Ba7 {[%emt 0:00:05]} 8. Bb3 {[%emt 0:
00:04]} O-O {[%emt 0:00:05]} 9. h3 {[%emt 0:00:01]} h6 {[%emt 0:00:36]} 10.
Nbd2 {[%emt 0:00:03]} Re8 {[%emt 0:00:02]} 11. Nf1 {[%emt 0:00:02]} Be6 {
[%emt 0:00:01]} 12. Bc2 {[%emt 0:00:01]} d5 {[%emt 0:00:03]} 13. Qe2 {[%emt 0:
00:03]} dxe4 {[%emt 0:00:09]} 14. dxe4 {[%emt 0:00:02]} Qe7 {[%emt 0:00:05]}
15. Ng3 {[%emt 0:00:12]} Rad8 {[%emt 0:00:01]} 16. Nh4 {[%emt 0:00:20]} Qf8 {
[%emt 0:00:41]} 17. Nhf5 {[%emt 0:00:09]} Ne7 {[%emt 0:00:04]} 18. Ne3 {
[%emt 0:01:23]} Ng6 {[%emt 0:00:03]} 19. Ngf5 {[%emt 0:00:04]} Nf4 {[%emt 0:00:
35]} 20. Qf3 {[%emt 0:00:01]} c6 {[%emt 0:00:16]} 21. Ng4 {[%emt 0:00:12]} Nxg4
{[%emt 0:00:04]} 22. hxg4 {[%emt 0:00:07]} g6 {[%emt 0:00:23]} 23. Bxf4 {
[%emt 0:00:06]} exf4 {[%emt 0:00:02]} 24. Qxf4 {[%emt 0:00:01]} gxf5 {[%emt 0:
00:13]} 25. gxf5 {[%emt 0:00:02]} Qg7 {[%emt 0:00:39]} 26. fxe6 {[%emt 0:00:07]
} Rxe6 {[%emt 0:00:16]} 27. Rad1 {[%emt 0:00:33]} Rde8 {[%emt 0:00:23]} 28. Re2
{[%emt 0:01:20]} Qg5 {[%emt 0:00:10]} 29. Qf3 {[%emt 0:00:32]} Rf6 {[%emt 0:00:
02]} 30. Qh3 {[%emt 0:00:01]} Qf4 {[%emt 0:00:08]} 31. Rf1 {[%emt 0:00:06]} Re5
{[%emt 0:00:02]} 32. Qh2 {[%emt 0:00:18]} Qg5 {[%emt 0:00:29]} 33. g3 {[%emt 0:
00:11]} Qg4 {[%emt 0:00:08]} 34. Rd2 {[%emt 0:00:04]} Rg5 {[%emt 0:00:18]} 35.
e5 {[%emt 0:00:11]} Rxe5 {[%emt 0:00:08]} 36. Bd1 {[%emt 0:00:01]} Qg5 {
[%emt 0:00:03]} 37. Rd3 {[%emt 0:00:04]} Ref5 {[%emt 0:00:03]} 38. Qh4 {
[%emt 0:00:04]} 1/2-1/2

[Event "Grenke Chess Classic 5th"]
[Site "Karlsruhe/Baden-Baden"]
[Date "2018.04.07"]
[Round "7"]
[White "Naiditsch, Arkadij"]
[Black "Carlsen, Magnus"]
[Result "0-1"]
[WhiteElo "2701"]
[BlackElo "2843"]
[Annotator "Quintiliano,R"]
[PlyCount "84"]
[EventDate "2018.03.31"]
[EventType "tourn"]
[EventRounds "9"]
[EventCountry "GER"]
[EventCategory "20"]
[SourceTitle "CBM 184"]
[Source "ChessBase"]
[SourceDate "2018.05.16"]
[SourceVersion "1"]
[SourceVersionDate "2018.05.16"]
[SourceQuality "1"]

1. e4 c5 2. Nf3 d6 3. d4 cxd4 4. Nxd4 Nf6 5. Nc3 a6 6. g3 {For some reason,
games between Carlsen and Naiditsch tend to be very interesting and
complicated. This time, however, Naiditsch aims for a more quiet, positional
struggle.} e5 7. Nb3 {A less played, but still interesting option.} (7. Nde2 {
is the main move, White plans to improve this knight by means of Nd5 followed
by Nec3 or h3-g4-Ng3.}) 7... Be7 8. Bg2 (8. a4 {a normal move to keep Black's
queenside under control, but not a good one in this case, as Black can play}
Nc6 $1 {[%csl Gb4][%cal Yc6b4] and with the b4-square available to this knight,
Black establishes a firm control over d5} 9. Bg2 Nb4 10. Bg5 Be6 11. O-O Rc8 {
Black's development not only protects the important point d5, but exerts
pressure against the c-file; Nd5 is also prevented} 12. a5 {[%cal Ya1a4]} Qd7
$1 {Guo,A (2219)-Quintiliano Pinto,R (2451) SPICE Cup Open 2017 (4.18) 0-1 and
Black is fine -} 13. Ra4 $2 Nxc2 $1) 8... O-O 9. O-O Be6 ({Some recent games
proved that} 9... b5 $5 {is also playable} 10. Nd5 $5 (10. a4 {used to be
considered favourable for White, but times and evaluations change} b4 11. Nd5
Nxd5 12. Qxd5 Ra7 13. Be3 Be6 14. Qd3 Ra8 $5 {the best way to avoid problems
with the a6-pawn under attack in many variations} 15. f4 Qc7 16. Nd2 a5 $1 {
[%cal Yb8a6,Ya6c5];Hou,Y (2652)-Grischuk,A (2750) Moscow FIDE GP 2017 (5) 0-1
and Black is ok -}) 10... Nxd5 11. Qxd5 Ra7 12. Be3 Be6 13. Qd2 Ra8 14. a4 (14.
Na5 $5) 14... Nc6 15. axb5 axb5 16. Rxa8 Qxa8 17. Ra1 Qb7 $11 {Naiditsch,A 
(2710)-Vidit,S (2693) ESP-chT CECLUB Honor 2017 (6.2) 1/2}) 10. Re1 {[%csl Gd5]
[%cal Yb3d2,Yd2f1,Yf1e3] Preparing the standard manoeuvre Nd2-f1-e3, typical
in such positions.} ({Naiditsch had also played the main move} 10. a4 Nbd7 (
10... Nc6 $6 {is not so strong now due to the direct} 11. Nd5 $1) 11. Re1 {
now White goes for the same plan without the queenside expansion for Black,
but the time spent on the move a4 allows a good idea. It is nice to remember
the line} (11. a5 {doesn't really prevent Black's counterplay on the queenside}
Qc7 12. Re1 Rfc8 13. h3 h6 14. Be3 b5 $1 15. axb6 Nxb6 {[%cal Yb6c4]} 16. Na5
Nc4 17. Nxc4 Bxc4 $11 {Leko,P (2740)-Topalov,V (2801) Corus Wijk aan Zee 2006 
(13) 1/2}) 11... Qc7 12. Nd2 Bd8 $1 {[%cal Yd8a5,Ya5e1] a very nice plan,
Black is improving his bad bishop and at the same time preventing White from
using the d5-square} 13. Nf1 Qc5 14. Ne3 ({Naiditsch's game went} 14. h3 Ba5
15. Be3 Qc7 16. Bd2 Rac8 17. Ne3 {Naiditsch,A (2684)-Sunilduth Lyna,N (2536)
Douglas IoM op 2016 (8) 1-0} Bxc3 $1 18. Bxc3 Nc5 {[%csl Ye4] and Black is
fine, for example} 19. Nd5 $2 Nxd5 20. exd5 Bd7 {[%csl Ya4]} 21. a5 Na4 22. Re3
f5 $1 $36) 14... Ba5 15. Bd2 Rac8 {Wei,Y (2706)-Giri,A (2798) Tata Steel-A
78th 2016 (5) 1/2 and Black had no problems in}) 10... Nbd7 11. Nd2 ({White
had the chance to transpose to the last move's previous lines with} 11. a4)
11... b5 $1 {Although in the positions in which White avoids this move Black
is also ok, allowing it looks even worse for me. Black simply has no problems
and now has more space and possibilities on the queenside.} 12. Nf1 Bg4 $1 $146
{Carlsen shows excellent understanding of this position, this move provokes
weaknesses in the dark squares in White's camp, besides making the Bg2 (even
more) bad.} (12... Nb6 {was played by a Najdorf specialist and also gave a
nice position to Black} 13. Ne3 b4 14. Ncd5 Nfxd5 15. exd5 Bd7 16. Bd2 a5 17.
a3 bxa3 18. Rxa3 a4 19. Bb4 Qb8 20. c3 Bg5 21. Ra1 f5 $36 {Balogh,C (2648)
-Wojtaszek,R (2715) HUN-POL m Budapest 2014 (4.6) 0-1}) 13. f3 (13. Qd2 {
looks very unnatural, but it is probably better as White keeps his position
untouched, and Ne3 is coming in the next move, then he will be able to
correctly replace the queen.}) 13... Be6 14. Ne3 Rc8 15. a3 (15. a4 $5 b4 16.
Ncd5 Bxd5 17. exd5 (17. Nxd5 Nxd5 18. exd5 Bg5 $1 {is a typical idea, looking
to endgames in which the knight will be much superior to the light-squared
bishop}) 17... Rc5 $132 {[%cal Yd7b6,Gd8c7,Yd8a8]}) 15... Nb6 {Black has
solved the positional problem of d5: White is not able to place his knights
there and recapture with a piece, which would be the ideal plan.} 16. f4 $5 {
Necessary to prevent d5.} (16. Bd2 d5 $1 17. exd5 Nfxd5 18. Nexd5 Nxd5 19. Rxe5
Bf6 {[%csl Yc3] and Black regains the pawn with a better structure} 20. Re1
Qb6+ 21. Kh1 Nxc3 22. bxc3 Bxc3 23. Bxc3 Rxc3 $17 {[%csl Ga3,Gc2][%cal Yf8d8]})
16... Re8 (16... exf4 17. gxf4 Re8 $15 {also seems easier for Black due to
White's unstable centre.}) 17. Kh1 Bf8 18. f5 $1 {Black was ready to take on
f4 and exert pressure against White's centre.} Bd7 19. Qd3 {White should keep
an eye on d5. The position remains balanced.} (19. Bd2 Bc6 20. Rc1 d5 $1 {
is very good for Black.}) 19... h6 20. b3 ({Against the direct} 20. Bd2 {
Naiditsch was maybe worried about} Nc4) 20... Bc6 21. Bd2 Qc7 22. Rac1 Qb7 {
Carlsen has improved the queen and is looking for ideas with d6-d5 or pressure
against the e4-pawn.} 23. Ned5 (23. Rcd1 Nbd7 $1 {[%cal Yd7c5] would force a
similar position to the game} 24. Ncd5 Bxd5 25. exd5 (25. Nxd5 Nxd5 26. exd5
Be7 $1 {[%cal Ye7g5]}) {but here Blackalso has the interesting idea} 25... Be7
$5 {[%cal Ye7d8,Yd8b6]}) 23... Bxd5 24. exd5 Nbd7 $1 {[%cal Yd7c5] After the
exchange on d5 the kinight is misplaced on b6, so Carlsen hurries to improve
it, via c5.} 25. Nd1 {[%cal Yd2b4,Gd1e3] White is also trying to improve his
pieces.} (25. Ne4 $5) 25... e4 $5 {Looking for complications, although Black
had another idea which was very good.} (25... Be7 $1 {[%cal Ye7d8,Yd8b6] would
be simple and good} 26. Nf2 (26. Bb4 e4 $1 {[%csl Yd5]} 27. Bxe4 a5 $1 $19 {
[%cal Gd7c5]}) 26... Bd8 27. g4 $5 Bb6 $1 28. Ne4 Nxe4 29. Bxe4 Bf2 $1 30. Re2
Bh4 $15 {[%cal Yh4g5,Gd7c5,Yb7e7] with a pleasant position.}) 26. Qd4 (26. Bxe4
$4 Nc5 $19) 26... Ne5 {The only continuation that makes sense for Black.} (
26... Qxd5 {is harmless} 27. Qxd5 Nxd5 28. Bxe4 N5f6 29. Bb7 Rxe1+ 30. Bxe1 Rb8
31. Bg2 $11 (31. Bxa6 $2 Nc5 {[%csl Ga6]})) 27. Nf2 $2 {After this move White
has problems.} (27. Nc3 $1 {would be better, keeping d5 protected} Nf3 $1 28.
Bxf3 exf3 29. Rxe8 Rxe8 30. Qf4 $1 a5 {[%cal Yb5b4]} 31. b4 $1 (31. Qxf3 b4 32.
axb4 axb4 33. Na2 Ne4 $1 34. Bxb4 Qxd5 35. Rf1 Qb7 $44 {[%cal Yd6d5]}) 31...
axb4 32. axb4 Rc8 $1 33. Qxf3 Rc4 $132 {and the position is unclear}) 27... Nf3
$1 28. Bxf3 exf3 {[%csl Yd5] The d5-pawn hanging forces White to expose his
structure even more.} 29. c4 bxc4 30. bxc4 Re5 $1 {A very practical and strong
move.} (30... Rxe1+ 31. Bxe1 (31. Rxe1 Qb3 {[%csl Ra3,Rc4]}) 31... Re8 32. Kg1
Nd7 $17 {[%cal Yd7e5] is also very unpleasant for White.}) 31. Re3 (31. Rxe5 $2
dxe5 32. Qxe5 Bxa3 $19) 31... Rxe3 (31... Rxf5 32. Qd3 {[%cal Ye3f3]}) 32. Qxe3
(32. Bxe3 Re8 {with the dangerous threat Qb3} 33. Qc3 Qe7 34. Re1 {Black has a
beautiful idea here} Ne4 $3 {seemingly falling into a trap} 35. Nxe4 Qxe4 36.
Bf2 Qxf5 $1 37. Rxe8 Qh3 $1 {[%csl Rg2] and it is mate} 38. Qxf3 Qf1+ 39. Bg1
Qxf3#) 32... Qb2 $1 {The queen's invasion is very unpleasant and puts White
under serious pressure. Nxd5 is already a threat.} 33. Nd3 (33. Qc3 Qa2 34. Qd3
(34. Kg1 Nxd5 $1 35. Qxf3 Qxd2 36. Rd1 Qc3 37. Qxd5 Rxc4 $17) 34... Rb8 $19 {
[%cal Yb8b3,Yb8b2] the rook also comes and White can't avoid material losses.})
33... Qxa3 34. Qxf3 Qa2 $17 {White's position is collapsing, and the time
trouble is just an additional problem.} 35. Bc3 (35. Qd1 {is not better:} Rxc4
36. Ra1 Qc2) 35... Rxc4 (35... Nd7 $5) 36. Ra1 Qb3 37. Bxf6 gxf6 38. Kg2 $2 (
38. Qd1 $1 {would had offered better chances:} Qb5 39. Nf4 a5 $17) 38... Rc3
39. Rd1 (39. Qg4+ Bg7 40. Nf4 {doesn't work:} Qb2+ 41. Kh3 Qxa1 42. Nh5 Qf1+
43. Kh4 Rc4 $19) 39... h5 $1 {One last touch of precision by the World
Champion: Qg4+ is not possible now.} 40. Kh3 Bh6 $19 {The time control was
reached, but it just enough to realise that White's position is hopeless and
lost.} 41. Re1 (41. Qxh5 Rxd3 42. Rxd3 Qxd3 43. Qxh6 Qxf5+ 44. Kg2 (44. Kh4
Qg5+ $1 45. Qxg5+ fxg5+ 46. Kxg5 a5 $19) 44... Qg5 45. Qh3 Qxd5+ 46. Kf2 Qd4+
47. Ke2 a5 $19 {the endgame is a simple win for Black.}) 41... Rxd3 42. Qxh5
Re3 {If 43. Rc1 Rxg3! A typical strategic win by Carlsen, building a sound
position, taking the right opportunity to create some complications that lead
to new weaknesses in his opponent's camp, then exploiting them very
convincingly.} 0-1

[Event "Gashimov Memorial 5th"]
[Site "Shamkir"]
[Date "2018.04.20"]
[Round "2"]
[White "Carlsen, Magnus"]
[Black "Navara, David"]
[Result "1/2-1/2"]
[WhiteElo "2843"]
[BlackElo "2745"]
[PlyCount "99"]
[EventDate "2018.04.19"]
[EventType "tourn"]
[EventRounds "9"]
[EventCountry "AZE"]
[EventCategory "21"]
[SourceTitle "CBM 184"]
[Source "ChessBase"]
[SourceDate "2018.05.16"]
[SourceVersion "1"]
[SourceVersionDate "2018.05.16"]
[SourceQuality "1"]

1. e4 c6 2. d4 d5 3. e5 Bf5 4. Nd2 e6 5. Nb3 Nd7 6. Nf3 a6 7. Be2 c5 8. c3 h6
9. dxc5 Bxc5 10. Nxc5 Nxc5 11. Be3 Nd7 12. Nd4 Ne7 13. f4 Be4 14. O-O Nc6 15.
Nxc6 bxc6 16. c4 O-O 17. cxd5 cxd5 18. b4 f6 19. exf6 Qxf6 20. Rc1 e5 21. Bd3
Qg6 22. Bxe4 Qxe4 23. Re1 d4 24. Qb3+ Kh8 25. Bd2 Qf5 26. Qh3 Qxh3 27. gxh3
exf4 28. Rc4 Rad8 29. Re6 Rf6 30. Re4 Nb6 31. Rcxd4 Rxd4 32. Rxd4 g5 33. h4 Kg7
34. hxg5 hxg5 35. h4 Kg6 36. Kg2 gxh4 37. Bxf4 Rc6 38. Kf3 Kf5 39. Be3 Rc3 40.
Rf4+ Ke5 41. Rxh4 Nc4 42. Re4+ Kd5 43. Kf4 Nxe3 44. Rxe3 Rxe3 45. Kxe3 Kc4 46.
a3 Kb3 47. Kd4 Kxa3 48. Kc5 Kb3 49. b5 axb5 50. Kxb5 1/2-1/2

[Event "Gashimov Memorial 5th"]
[Site "Shamkir"]
[Date "2018.04.21"]
[Round "3"]
[White "Mamedov, Rauf"]
[Black "Carlsen, Magnus"]
[Result "1/2-1/2"]
[WhiteElo "2704"]
[BlackElo "2843"]
[PlyCount "102"]
[EventDate "2018.04.19"]
[EventType "tourn"]
[EventRounds "9"]
[EventCountry "AZE"]
[EventCategory "21"]
[SourceTitle "CBM 184"]
[Source "ChessBase"]
[SourceDate "2018.05.16"]
[SourceVersion "1"]
[SourceVersionDate "2018.05.16"]
[SourceQuality "1"]

1. e4 d6 2. d4 Nf6 3. Nc3 g6 4. f4 Bg7 5. Nf3 c5 6. Bb5+ Bd7 7. e5 Ng4 8. Bxd7+
Qxd7 9. d5 dxe5 10. h3 e4 11. Nxe4 Nf6 12. Nxf6+ Bxf6 13. O-O O-O 14. c4 e6 15.
Be3 exd5 16. cxd5 Rd8 17. Qc2 Na6 18. Rad1 Nb4 19. Qxc5 Nxd5 20. Bd4 Rac8 21.
Qa3 Qf5 22. Bxf6 Qxf6 23. Qxa7 Nxf4 24. Rxd8+ Rxd8 25. Qe3 Nd5 26. Qb3 Nf4 27.
Qe3 Nd5 28. Qb3 b6 29. Rd1 Nf4 30. Rxd8+ Qxd8 31. Qe3 g5 32. Kh2 h6 33. h4 Ne6
34. hxg5 hxg5 35. Qe4 Qf6 36. Qe5 Qg6 37. g4 Qd3 38. Kg3 b5 39. Kf2 Kf8 40. Qe2
Nf4 41. Qxd3 Nxd3+ 42. Ke3 Nxb2 43. Nxg5 Nd1+ 44. Kd4 Nf2 45. Nxf7 Kxf7 46. Kc5
Ne4+ 47. Kxb5 Nc3+ 48. Kc4 Nxa2 49. g5 Kg7 50. g6 Nb4 51. Kxb4 Kxg6 1/2-1/2